000
00210nam a2200097Ia 4500
008
240331s9999 xx 000 0 und d
082
_b
SHA
100
_a
Shanmugadas, M
245
0
_a
Sathiyum thudakkum
942
_c
L
999
_c
1963
_d
1963